| 000 | 00410nam a2200145Ia 4500 | ||
|---|---|---|---|
| 008 | 230411s9999 xx 000 0 und d | ||
| 020 | _a0-323-00948-4 | ||
| 041 | _aeng | ||
| 082 | _aR/610.724/YOU/TAY/B06782 | ||
| 100 |
_aYoung Anne & Taylor Susan _9179270 |
||
| 245 | _aConnections : Nursing research theory and practice | ||
| 260 |
_bMosby _aSt Louis _c2001 |
||
| 300 | _a510p | ||
| 999 |
_c157110 _d157110 |
||